マリオカートシリーズのコース - Statistics

General Stats
  • This quiz has been taken 773 times
    704 since last reset
  • The average score is 63 of 165
Answer Stats
Hint Answer % Correct
スーパーマリオカート | マリオカート64 | マリオカート7 | +5 others レインボーロード
90%
マリオカート64 | マリオカート7 | マリオカート8/8DX | +4 others マリオサーキット
88%
マリオカート64 | マリオカート7 | マリオカート8/8DX | +3 others クッパキャッスル
72%
マリオカート64 | マリオカートWii | マリオカートアドバンス | マリオカートダブルダッシュ!! ルイージサーキット
69%
マリオカート64 | マリオカートアドバンス ピーチサーキット
61%
マリオカートDS ワルイージピンボール
58%
マリオカート64 | マリオカートダブルダッシュ!! カラカラさばく
56%
マリオカート64 | マリオカートDS ワリオスタジアム
56%
マリオカートダブルダッシュ!! ヨッシーサーキット
54%
マリオカートWii ココナッツモール
54%
マリオカートWii ノコノコみさき
53%
マリオカートWii モーモーカントリー
51%
マリオカートWii ワリオこうざん
50%
マリオカート7 キノピオサーキット
50%
マリオカートWii キノコキャニオン
49%
マリオカートWii デイジーサーキット
49%
マリオカート64 キノピオハイウェイ
45%
マリオカート8/8DX マリオカートスタジアム
45%
マリオカートWii メイプルツリーハウス
44%
マリオカート8/8DX ドッスンいせき
44%
マリオカートDS ルイージマンション
43%
マリオカート7 DKジャングル
43%
マリオカートDS ピーチガーデン
41%
マリオカートダブルダッシュ!! ベビィパーク
40%
マリオカートダブルダッシュ!! ワルイージスタジアム
40%
マリオカート8/8DX ヘイホーこうざん
40%
マリオカート8/8DX サンシャインくうこう
40%
マリオカート8/8DX ビッグブルー
40%
マリオカート8/8DX ヨッシーアイランド
40%
マリオカート64 ヨッシーバレー
38%
マリオカートWii キノピオファクトリー
38%
スーパーマリオカート マリオサーキット2
38%
スーパーマリオカート マリオサーキット3
38%
マリオカート8/8DX どうぶつの森
37%
マリオカートDS プクプクビーチ
36%
マリオカートWii グラグラかざん
36%
マリオカート8/8DX ウォーターパーク
36%
マリオカート8/8DX ワリオスノーマウンテン
36%
マリオカート8/8DX リンリンメトロ
36%
マリオカートWii DKスノーボードクロス
36%
マリオカート64 チョコマウンテン
35%
マリオカート7 ロゼッタプラネット
35%
マリオカート8/8DX スイーツキャニオン
35%
マリオカート8/8DX ハイラルサーキット
35%
スーパーマリオカート マリオサーキット1
35%
マリオカート8/8DX | マリオカートアドバンス スカイガーデン
34%
マリオカートWii ムーンリッジ&ハイウェイ
34%
マリオカート8/8DX ドルフィンみさき
34%
マリオカート8/8DX ミュートシティ
34%
マリオカートツアー トーキョースクランブル
34%
マリオカートツアー パリプロムナード
34%
マリオカートダブルダッシュ!! DKマウンテン
34%
マリオカートアドバンス チーズランド
33%
マリオカートDS チクタクロック
33%
マリオカート7 ミュージックパーク
33%
マリオカート7 ネオクッパシティ
33%
スーパーマリオカート ドーナツへいや3
33%
マリオカート7 パックンスライダー
32%
スーパーマリオカート ドーナツへいや2
32%
マリオカート7 ウーフーアイランド2
32%
スーパーマリオカート クッパじょう3
32%
マリオカート64 ノコノコビーチ
31%
マリオカートダブルダッシュ!! デイジークルーザー
31%
マリオカートDS キラーシップ
31%
マリオカート8/8DX エキサイトバイク
31%
スーパーマリオカート ドーナツへいや1
31%
スーパーマリオカート おばけぬま2
31%
スーパーマリオカート マリオサーキット4
31%
マリオカートDS モンテタウン
30%
マリオカート8/8DX キノピオハーバー
30%
スーパーマリオカート クッパじょう1
30%
マリオカート7 ウーフーアイランド1
30%
スーパーマリオカート クッパじょう2
30%
マリオカートアドバンス リボンロード
29%
マリオカート7 ロックロックマウンテン
29%
スーパーマリオカート おばけぬま1
29%
マリオカートアドバンス テレサレイク
28%
マリオカートツアー ニンニンドージョー
28%
マリオカートDS DKスノーマウンテン
28%
マリオカート64 | マリオカートダブルダッシュ!! シャーベットランド
27%
マリオカートDS エイトクロスサーキット
27%
マリオカート8/8DX ねじれマンション
27%
マリオカート8/8DX ホネホネさばく
27%
マリオカート8/8DX ドラゴンロード
27%
マリオカートツアー ロンドンアベニュー
27%
スーパーマリオカート おばけぬま3
27%
マリオカートDS キノコリッジウェイ
26%
マリオカート8/8DX アイスビルディング
26%
マリオカートツアー ニューヨークドリーム
26%
マリオカートツアー シンガポールスプラッシュ
26%
マリオカートダブルダッシュ!! ピーチビーチ
25%
マリオカートDS サンサンさばく
25%
マリオカート8/8DX ツルツルツイスター
25%
マリオカート8/8DX シャボンロード
25%
マリオカートツアー バンコクラッシュ
24%
マリオカートアドバンス クッパキャッスル2
24%
マリオカート7 ワリオシップ
23%
マリオカート8/8DX ネイチャーロード
23%
マリオカートツアー パックンしんでん
23%
マリオカートDS ヨッシーフォールズ
22%
マリオカートアドバンス クッパキャッスル3
22%
マリオカート64 ヒュードロいけ
21%
マリオカートアドバンス スノーランド
21%
マリオカートダブルダッシュ!! ディノディノジャングル
21%
マリオカートWii カラカラいせき
21%
マリオカート7 ヘイホーカーニバル
21%
マリオカート8/8DX エレクトロドリーム
21%
マリオカートツアー ロサンゼルスコースト
21%
マリオカートツアー シドニーサンシャイン
21%
マリオカートツアー アムステルダムブルーム
21%
マリオカートツアー アテネポリス
21%
マリオカート64 モーモーファーム
19%
マリオカートツアー ベルリンシュトラーセ
19%
マリオカートツアー メリーメリーマウンテン
19%
マリオカートアドバンス クッパキャッスル1
19%
マリオカートアドバンス リバーサイドパーク
18%
マリオカートダブルダッシュ!! キノコブリッジ
18%
マリオカート7 デイジーヒルズ
18%
マリオカートツアー ローマアバンティ
18%
スーパーマリオカート チョコレーとう1
18%
スーパーマリオカート チョコレーとう2
18%
マリオカートアドバンス サンセットこうや
17%
マリオカートダブルダッシュ!! キノコシティ
17%
スーパーマリオカート バニラレイク1
17%
スーパーマリオカート バニラレイク2
17%
マリオカートアドバンス ヘイホービーチ
16%
マリオカートダブルダッシュ!! ワリオコロシアム
16%
スーパーマリオカート ノコノコビーチ1
16%
スーパーマリオカート ノコノコビーチ2
16%
マリオカートアドバンス クッパキャッスル4
16%
マリオカート7 プクプクラグーン
15%
マリオカートツアー バンクーバーバレー
15%
マリオカート64 フラッペスノーランド
14%
マリオカートアドバンス ヨッシーさばく
12%
マリオカートツアー ドカンキャニオン
11%
マリオカート64 ドンキージャングルパーク
9%
マリオカートアドバンス プクプクアイランド
8%
マリオカートアドバンス オンボロさんばし
8%
マリオカートアドバンス レイクサイドパーク
7%
No matching quizzes found
Score Distribution
Percent of People with Each Score
Percentile by Number Answered
Your Score History
You have not taken this quiz since the last reset